000 00821nam a2200265Ia 4500
003 OSt
005 20221005105851.0
006 a|||||r|||| 00| 0
007 ta
008 221004b |||||||| |||| 00| 0 hin d
020 _a8126004401
024 _a33253
037 _cTextual
040 _aCRL
_cCRL
_bhin
041 _2hin
_ahin
082 _aV2:51y7MUR, 152N8
100 _aशास्त्री, ऊर्मिला
245 0 _aकारागार
246 _aKārāgāra
260 _aनई दिल्ली
_bसाहित्य अकादेमी
_c1998
300 _a87पृ0
_ccm.
650 _aविश्व-इतिहास
942 _hV2:51y7MUR, 152N8
_cTEXL
_2cc
999 _c1017132
_d1017132